000
00313nam a22001337a 4500
008
180919b xxu||||| |||| 00| 0 eng d
020
_a
9780805827156
041
_a
eng
080
_a
321
100
_a
22
101
_a
POL
245
_a
Carer Counseling For African Americans
_c
Walsh.W.B
942
_2
udc
_c
BK
999
_c
47971
_d
47971